00501nam a2200193 a 4500001001300000003000900013005001700022008004100039020001000080082001600090100002500106245003400131260003700165300000900202500003500211505001700246650001900263700002500282nice12345678IN_TiNIC20260116013813.0050524s1939 mada grp 000 0 eng  ac10000a954.82bCHA aChari, C S Srinivasa aHistory of the City of Madras aMadrasbP. Vardachary & Coc1939 a363p aincludes index and biblioraphy2 aBibliography aMadras-History1 aChari, C S Srinivasa